000 00402nam a2200169Ia 4500
008 221030s9999 xx 000 0 und d
020 _a8127270087
041 _aEnglish
082 _a105.23
100 _aV. Kumar
245 0 _aBusiness Communication
_cby V. Kumar, Bodh Raj
260 _bKalyani Pub
_aNew Delhi
_c2011
300 _a552
650 _aENGLISH
700 _aBodh Raj
942 _cBK
999 _c10069
_d10069